00839nam a2200205 i 450000100060000000300090000600500170001500800410003202000180007308000280009124501700011926000680028930000210035765000640037865500400044270000330048271000610051571000350057685200220061112438ES-MaACL20240301062531.0921211s1989 sp |||| | spa d a84-7483-521-6 a013=60.03=805.90(064.3)03aEl libro español en Rumanía b: : Biblioteca Nacional, catálogo de la exposición, Madrid, febrero 1989 / c[comisario de la exposición, Darie Novãceanu]. aMadrid : bDirección General del Libro y Bibliotecas, c1989. a79 p. ; c24 cm.14aLibros españoles-xTraducciones al rumano-vExposiciones. 72tgfbneaCatálogos de exposiciones1 aNovãceanu, Darie (d1937-)2 aEspaña. bDirección General del Libro y Bibliotecas.2 aBiblioteca Nacional (España) aES-MaACLjL-19721